| 000 | 01451cam a2200397 4500 | ||
|---|---|---|---|
| 999 |
_c23564 _d23564 |
||
| 001 | vtls012079065 | ||
| 005 | 20231110093910.0 | ||
| 008 | 211129s2021 xo er 010 f slo | ||
| 020 |
_a9788022023382 _q(viazané) |
||
| 040 |
_aTTKJF _bslo _cTTKJF _dSNK _erda |
||
| 041 | 1 |
_aslo _heng |
|
| 044 |
_axo _cSK |
||
| 072 | 7 |
_a821.111-3 _xAnglická próza, anglicky písaná _2konspekt |
|
| 080 |
_a821.111-31 _22011 |
||
| 080 |
_a(0:82-312.4) _22011 |
||
| 080 |
_a82-311.4 _22011 |
||
| 100 | 1 |
_aMcConaghy, Charlotte, _d1988- _4aut _93895 |
|
| 240 | 1 | 0 |
_aOnce there were wolves _lSlovensky |
| 245 | 1 | 0 |
_aKedysi tu žili vlky _cCharlotte McConaghy ; z anglického originálu Once there were wolves ... preložila Lenka Cinková |
| 264 | 1 |
_aBratislava _bSlovenský spisovateľ, a.s. _c2021 |
|
| 300 |
_a335 strán _c21 cm |
||
| 336 |
_atext _btxt _2rdacontent |
||
| 337 |
_abez média _bn _2rdamedia |
||
| 338 |
_azväzok _bnc _2rdacarrier |
||
| 500 | _aObsahuje stručné biografické údaje o autorke na záložke prebalu publikácie | ||
| 500 | _aPreložené z angličtiny | ||
| 655 | 7 |
_aaustrálske romány _2SNKPH _91684 |
|
| 655 | 7 |
_aAustralian fiction _2SNKPHeng _91685 |
|
| 655 | 7 |
_adetektívne romány _2SNKPH _91710 |
|
| 655 | 7 |
_aDetective novels _2SNKPHeng _91711 |
|
| 655 | 7 |
_aspoločenské romány _2SNKPH _912 |
|
| 655 | 7 |
_aSociety novels _2SNKPHeng _93645 |
|
| 700 | 1 |
_aCinková, Lenka, _d1987- _4trl _92137 |
|
| 958 | _aLX | ||
| 958 | _aUP | ||